La ville de Lille - Statistiques

Statistiques générales
  • Ce quiz a été pris 861 fois
  • Le résultat moyen est 8 sur 20
Statistiques - réponses
Hint Réponse % Correct
Dans quel département français se trouve la ville de Lille ? Nord
99%
Durant quel mois a lieu le semi-marathon qui inaugure la braderie de Lille ? Septembre
85%
Qui est la maire de Lille ? Martine Aubry
84%
Quel quartier de Lille est connu pour son marché qui est l'un des plus grands d'Europe ? Wazemmes
67%
A quel homme né à Lille, la "Grand Place" rend elle hommage en portant son nom ? Charles de Gaulle
59%
Qui a été l'architecte de la citadelle de Lille construite au XVIIème siècle ? Sébastien Le Prestre de Vauban
54%
Comment s'appelle le quartier d'affaires de Lille qui comprend des hôtels, des restaurants, des bureaux et l'un des plus grands centres commerciaux de France ? Euralille
50%
Sur la ligne 1 du métro de Lille, quel arrêt se trouve entre Caulier et Marbrerie ? Fives
48%
Durant son histoire, combien de fois Lille a été assiégée ? 11
44%
Comment s'appelle la cathédrale de style néo-gothique dans le quartier du Vieux-Lille où les travaux de sa construction se sont finis en 1999 ? Cathédrale Notre-Dame-de-la-Treille
41%
Comment s'appelle l'arc de triomphe construit en l'honneur des victoires de Louis XIV ? Porte de Paris
40%
Quel est le nom de Lille en ancien français ? L'Isle
28%
Comment s'appelle le quai où se trouve le couvent des Minimes de Lille ? Quai du Wault
25%
Comment s'appelle l'entraîneur du club de football LOSC Lille ? Paulo Fonseca
24%
Quelle comtesse a fondé à partir de 1214, l'hôpital Saint-Sauveur ainsi que l'hospice Comtesse et reconstruit les fortifications de Lille ? Jeanne de Constantinople
12%
Quel Dieu romain est représenté par une statue en haut de la Vieille Bourse ? Mercure
12%
Quelle chanson révolutionnaire a été créée à Lille ? L'Internationale
11%
Quelle commune commençant par la lettre G, fait partie de la MEL (Métropole européenne de Lille) ? Gruson
8%
Selon la légende, avec Lydéric, qui serait le deuxième fondateur de Lille en 640 ? Phinaert
3%
Quel traité en 1668 rattache officiellement Lille au Royaume de France ? Aix-la-Chapelle
0%
Aucun quiz correspondant
Distribution des résultats
% des personnes avec chaque résultat
Percentile par nombre de réponses
Votre historique - résultats
Vous n’avez pas pris ce quiz